Music Quiz

Random Music or Song Quiz

Rock-n-Riddles 80's Edition Quiz Stats

 Plays Quiz not verified by Sporcle

Challenge
Share
Tweet
Embed
Score 0/20 Timer 06:00
0 Plays Today
Clue Song % Correct
Something you would be told NOT to do if you were standing on the ledge of a buildingJump
95.6%
Locomotive in need of a mental institutionCrazy Train
85.2%
Limbs located on the lower half of the human body used to move aroundLegs
80.9%
Something done before the launching of a space shutleThe Final Countdown
79.2%
A return to a dark shadeBack in Black
78.8%
Wondering wether or not to remainShould I Stay or Should I Go
74.5%
A place one may wish to go at the end of ones lifeHeaven
68.4%
Plenty of femalesGirls,Girls,Girls
66.7%
Female in possession of a deadly weaponJanie's Got A Gun
65.2%
Character in a Mark Twain novelTom Sawyer
64.3%
Clue Song % Correct
Going 360 degrees twiceRound and Round
62.3%
Tool used to break up sidewalksSledgehammer
60.9%
Greetings from a tropical areaWelcome to the Jungle
58.8%
Unable to follow the speed limitI Can't Drive 55
56.7%
You would go to the zoo to see oneAnimal
48.2%
A fatal form of affection on the lipsKiss Me Deadly
35.7%
Something troops in combat are to each otherBrothers in Arms
31.8%
In search of a lost itemI Still Haven't found what I'm Looking For
30.2%
One of a KindNo one Like You
24.2%
A schism of two partiesSeparate Ways
22.9%

You're not logged in!

Compare scores with friends on all Sporcle quizzes.
Join for Free
OR
Log In

You Might Also Like...

Show Comments

Extras

Top Quizzes Today


Score Distribution

Your Account Isn't Verified!

In order to create a playlist on Sporcle, you need to verify the email address you used during registration. Go to your Sporcle Settings to finish the process.

Report this User

Report this user for behavior that violates our Community Guidelines.

Details: